Influencer Boxers - Statistics

General Stats
  • This quiz has been taken 53 times
    49 since last reset
  • The average score is 15 of 64
Answer Stats
Nickname Boxer % Correct
Problem Child Jake Paul
100%
The Maverick Logan Paul
98%
The Nightmare KSI
93%
The Tank Deji
70%
The Beast FromThe Middle East AnEsonGib
56%
Busta Breezie Salt Papi
56%
Ace Austin McBroom
47%
The Hitman Slim
47%
Mad Man Swarmz
47%
N/A Bryce Hall
40%
The Wolf Fousey
37%
N/A King Kenny
37%
Pretty Boy Anthony Taylor
35%
N/A Joe Weller
35%
N/A Jarvis
30%
N/A Ryan Taylor
30%
N/A Vinnie Hacker
30%
N/A FaZe Sensei
28%
N/A Taylor Holder
28%
N/A Alex Wassabi
26%
N/A Deen The Great
26%
N/A Jay Swingler
26%
N/A FaZe Temperrr
23%
Face of Ace Landon McBroom
23%
N/A Chase DeMoor
21%
N/A JMX
21%
N/A Walid Sharks
21%
N/A Adam Saleh
19%
N/A Halal Ham
19%
Candy Man Sam Hyde
19%
N/A Tom Zanetti
19%
N/A Astrid Wett
16%
N/A DDG
16%
G.I. Josh Brueckner
16%
N/A Blueface
14%
N/A Ginty
14%
N/A Michael Le
14%
N/A Andy Warski
12%
Catch Em Ashley Rak-Su
12%
Keys Keeley
12%
N/A Overtflow
12%
N/A DK Money
9%
N/A Evil Hero
9%
Skullcruncher iDubbbz
9%
N/A Minikon
9%
N/A Scarce
9%
The Banana Man Brandon Buckingham
7%
N/A Cherdleys
7%
N/A Dr. Mike
7%
N/A DTG
7%
The Bushman IAMTHMPSN
7%
N/A Kristen Hanby
7%
N/A Michael Racka
7%
N/A Moneykicks
7%
N/A Stromedy
7%
N/A 6ar6ie6
5%
N/A Fangs
5%
N/A Ice Poseidon
5%
N/A N&A Productions
5%
N/A Nick Ireland
5%
N/A Nick Joseph
5%
N/A Tanner Fox
5%
N/A Vitaly
5%
N/A Ben Azelart
2%
No matching quizzes found
Score Distribution
Percent of People with Each Score
Percentile by Number Answered
Your Score History
You have not taken this quiz since the last reset